Giáo dục
Guardado en:
| Formato: | Libro |
|---|---|
| Lenguaje: | Undetermined |
| Publicado: |
Hà Nội
Bộ Giáo dục và Đào tạo
2020
|
| Materias: | |
| Etiquetas: |
Agregar Etiqueta
Sin Etiquetas, Sea el primero en etiquetar este registro!
|
| Thư viện lưu trữ: | Trung tâm Học liệu Trường Đại học Cần Thơ |
|---|
| LEADER | 00483nam a2200169Ia 4500 | ||
|---|---|---|---|
| 001 | CTU_233312 | ||
| 008 | 210402s9999 xx 000 0 und d | ||
| 082 | |a 370 | ||
| 082 | |b Gi108 | ||
| 245 | 0 | |a Giáo dục | |
| 245 | 0 | |c Bộ Giáo dục và đào tạo | |
| 260 | |a Hà Nội | ||
| 260 | |b Bộ Giáo dục và Đào tạo | ||
| 260 | |c 2020 | ||
| 650 | |a Education,Giáo dục học | ||
| 904 | |i T.Trang | ||
| 980 | |a Trung tâm Học liệu Trường Đại học Cần Thơ | ||